[Event "AUTO-INT-1748"]
[Site "http://www.queenalice.com/game.php?id=799255"]
[Date "2010.7.5"]
[Round "1"]
[White "Tal0n"]
[Black "Nautylus"]
[Result "1-0"]
[WhiteElo "1585"]
[BlackElo "1527"]

1. e4 e5 2. Nf3 f6 3. Nc3 c6 4. d4 d5 5. dxe5 Be6 6. exf6 gxf6 7. b3 dxe4 8.
Qxd8+ Kxd8 9. Nxe4 f5 10. Bg5+ Be7 11. Bxe7+ Kxe7 12. Nc5 Nf6 13. Nxb7 Nbd7 14.
O-O-O Rab8 15. Na5 Nc5 16. Nxc6+ Kf7 17. c3 Rb6 18. Nfe5+ Kg7 19. b4 Nce4 20.
Rg1 Nxc3 21. Rd6 Ne2+ 22. Bxe2 Ne4 23. Rxe6 Nxf2 24. Re7+ Kf6 25. Nd7+ Kg5 26.
Nxb6 axb6 27. g3 Rc8 28. b5 Ne4 29. g4 fxg4 30. Rxe4 Kf5 31. Rgxg4 h5 32. Rgf4+
Kg5 33. Kd2 Ra8 34. h4+ Kg6 35. a4 Rb8 36. Nxb8 Kg7 37. Re6 Kg8 38. Bc4 Kg7 39.
Rf5 Kg8 40. Re7+ Kh8 41. Rf8# 1-0

[Event "AUTO-INT-1748"]
[Site "http://www.queenalice.com/game.php?id=799256"]
[Date "2010.7.5"]
[Round "1"]
[White "Nautylus"]
[Black "Tal0n"]
[Result "0-1"]
[WhiteElo "1577"]
[BlackElo "1546"]

1. e4 e5 2. c3 Nf6 3. f3 c5 4. d4 Bd6 5. Be3 b6 6. Bd3 Bb7 7. Ne2 O-O 8. Nd2
exd4 9. cxd4 cxd4 10. Bxd4 Bc5 11. Bxf6 Qxf6 12. g4 Qh4+ 13. Kf1 Qf2# 0-1

[Event "AUTO-INT-1748"]
[Site "http://www.queenalice.com/game.php?id=799267"]
[Date "2010.7.5"]
[Round "1"]
[White "cpp_loko"]
[Black "Nautylus"]
[Result "0-1"]
[WhiteElo "1353"]
[BlackElo "1484"]

1. e3 d5 2. Nf3 f6 3. Nc3 c6 4. Bd3 e5 5. O-O Be6 6. b3 Bd6 7. Nb1 a6 8. Ne1 Ne7
9. Bb2 Nd7 10. f4 b5 11. fxe5 Bxe5 12. Bxe5 Nxe5 13. Qh5+ Nf7 14. Bxh7 g6 15.
Qh4 g5 16. Qh5 Bf5 17. Rxf5 Nxf5 18. g4 Nh4 19. Nd3 Ke7 20. Nf4 Qf8 21. Ng6+
Nxg6 22. Qxg6 Qh6 23. Qxh6 Nxh6 24. Bd3 Nxg4 25. Nc3 Rxh2 0-1

[Event "AUTO-INT-1748"]
[Site "http://www.queenalice.com/game.php?id=799268"]
[Date "2010.7.5"]
[Round "1"]
[White "Nautylus"]
[Black "cpp_loko"]
[Result "0-1"]
[WhiteElo "1560"]
[BlackElo "1333"]

1. e4 d6 2. d4 Nf6 3. f3 e5 4. c3 exd4 5. Bd3 dxc3 6. bxc3 Nc6 7. Be3 d5 8. Nd2
dxe4 9. fxe4 Qxd3 10. Ngf3 Qxc3 11. Bd4 Nxd4 12. Rc1 Qe3+ 13. Kf1 Nxe4 14. Nxd4
Qf2# 0-1

[Event "AUTO-INT-1748"]
[Site "http://www.queenalice.com/game.php?id=799275"]
[Date "2010.7.5"]
[Round "1"]
[White "Nautylus"]
[Black "saturnin"]
[Result "0-1"]
[WhiteElo "1528"]
[BlackElo "1478"]

1. e4 e5 2. c3 g6 3. d4 Qe7 4. f3 Bg7 5. Be3 Nf6 6. Bd3 O-O 7. Ne2 c6 8. Nd2 b5
9. b4 a5 10. a3 a4 11. h3 exd4 12. Bxd4 d5 13. g4 h6 14. O-O dxe4 15. Bxe4 Nxe4
16. Nxe4 Bxd4+ 17. Nxd4 f5 18. Ng3 Qe3+ 19. Rf2 fxg4 20. hxg4 Bxg4 21. Qe1 Qxe1+
22. Rxe1 Bd7 23. Ne4 Na6 24. Nd6 c5 25. bxc5 Nxc5 26. Re5 Nd3 27. Rfe2 h5 28.
Rg5 Kg7 29. Rxb5 Bxb5 30. N4xb5 Rxf3 31. Re4 Raf8 32. c4 Rf1+ 33. Kg2 R8f2+ 34.
Kg3 Rg1+ 35. Kh4 Rh2# 0-1

[Event "AUTO-INT-1748"]
[Site "http://www.queenalice.com/game.php?id=799276"]
[Date "2010.7.5"]
[Round "1"]
[White "saturnin"]
[Black "Nautylus"]
[Result "0-1"]
[WhiteElo "1482"]
[BlackElo "1513"]

1. b4 e5 2. c3 d5 3. g3 c6 4. Ba3 f6 5. Bg2 Bd6 6. Nf3 Be6 7. O-O Ne7 8. d4 Nd7
9. dxe5 fxe5 10. e3 b5 11. Re1 Qb6 12. e4 O-O-O 13. Ng5 Rdf8 14. Re2 Bg4 15. Nf3
Bxf3 16. Bxf3 Rxf3 17. Nd2 Rf6 18. exd5 Rhf8 19. Ne4 Rxf2 20. Nxf2 Nf5 21. dxc6
Qxc6 22. Ne4 Nf6 23. Nxd6+ Qxd6 24. Rd2 Qb6+ 25. Kg2 Ne3+ 26. Kh3 Nxd1 27. Rdxd1
Qf2 28. Rd3 g5 29. g4 Qh4+ 30. Kg2 Nxg4 31. Rh3 Rf2+ 32. Kg1 Qxh3 0-1

[Event "AUTO-OPEN-2031"]
[Site "http://www.queenalice.com/game.php?id=799640"]
[Date "2010.7.6"]
[Round "1"]
[White "Lorfman"]
[Black "Nautylus"]
[Result "1-0"]
[WhiteElo "2766"]
[BlackElo "1531"]

1. e4 d5 2. exd5 Qxd5 3. Nc3 Qd8 4. d4 f6 5. Nf3 Nc6 6. d5 Ne5 7. Nxe5 fxe5 8.
Qh5+ g6 9. Qxe5 Nf6 10. Nb5 Bd7 11. Nxc7+ Kf7 12. Nxa8 Qxa8 13. Bc4 Ng4 14. Qxh8
Qc8 15. Qxh7+ Ke8 16. Qxg6+ Kd8 17. Be2 Ne5 18. Qg8 Kc7 19. Bf4 Kd6 20. Qg3 Kxd5
21. O-O-O+ Ke6 22. Qg8+ Nf7 23. Qg6# 1-0

[Event "AUTO-OPEN-2031"]
[Site "http://www.queenalice.com/game.php?id=799641"]
[Date "2010.7.6"]
[Round "1"]
[White "Nautylus"]
[Black "Lorfman"]
[Result "0-1"]
[WhiteElo "1535"]
[BlackElo "2763"]

1. e4 c5 2. c3 Nf6 3. f3 e5 4. d4 cxd4 5. Bd3 Nc6 6. Ne2 d5 7. cxd4 dxe4 8. fxe4
Nxd4 9. Nbc3 Bc5 10. a3 O-O 11. Bg5 Ne6 12. Bxf6 Qxf6 13. b4 Be3 14. Rf1 Nf4 15.
Nxf4 exf4 16. Nd5 Qh4+ 17. g3 Qxh2 18. gxf4 Qg3+ 19. Ke2 Bg4+ 20. Rf3 Qf2# 0-1

[Event "AUTO-OPEN-2031"]
[Site "http://www.queenalice.com/game.php?id=799662"]
[Date "2010.7.6"]
[Round "1"]
[White "Artking"]
[Black "Nautylus"]
[Result "1-0"]
[WhiteElo "1910"]
[BlackElo "1533"]

1. e4 e5 2. Nf3 f6 3. d4 c6 4. Bc4 d5 5. Bb3 Bd6 6. dxe5 Bxe5 7. Nxe5 fxe5 8.
Qh5+ g6 9. Qxe5+ Qe7 10. Qxh8 Qxe4+ 11. Kd1 Kf8 12. Bh6+ Ke7 13. Re1 Qxe1+ 14.
Kxe1 Nf6 15. Qxc8 Ne4 16. Qxb7+ Nd7 17. Qxa8 Ndc5 18. f3 Nd6 19. Nc3 Kd7 20. Rd1
Ne6 21. Ba4 Nd8 22. Rxd5 Kc7 23. Bf4 cxd5 24. Nxd5# 1-0

[Event "AUTO-OPEN-2031"]
[Site "http://www.queenalice.com/game.php?id=799663"]
[Date "2010.7.6"]
[Round "1"]
[White "Nautylus"]
[Black "Artking"]
[Result "0-1"]
[WhiteElo "1529"]
[BlackElo "1912"]

1. e4 d5 2. f3 e5 3. c3 Nf6 4. d4 exd4 5. Bd3 dxe4 6. fxe4 dxc3 7. bxc3 Bc5 8.
Nf3 a6 9. Ba3 Bxa3 10. Nxa3 Bg4 11. h3 Be6 12. O-O Nbd7 13. e5 Nd5 14. Qc2 Ne3
15. Qe2 Nxf1 16. Kxf1 Qe7 17. Rb1 Qxa3 18. Rxb7 O-O 19. Rxc7 Rab8 20. Qe4 Qc1+
21. Kf2 Rb2+ 22. Kg3 Qh6 23. Nd4 f5 24. Qf4 g5 25. Qc1 f4+ 26. Kh2 Qxh3+ 27. Kg1
Qxg2# 0-1

[Event "AUTO-OPEN-2031"]
[Site "http://www.queenalice.com/game.php?id=799676"]
[Date "2010.7.6"]
[Round "1"]
[White "Nautylus"]
[Black "raven225"]
[Result "0-1"]
[WhiteElo "1483"]
[BlackElo "1639"]

1. e4 c5 2. d3 Nc6 3. f3 e6 4. Ne2 g6 5. c4 Bg7 6. a3 Nge7 7. Nbc3 O-O 8. Be3
Qa5 9. Qd2 d6 10. g4 a6 11. Bg2 b5 12. h3 b4 13. Nd1 Bb7 14. O-O Qa4 15. Nf2 b3
16. d4 cxd4 17. Bxd4 Qxc4 18. Bxg7 Kxg7 19. Qxd6 Rfd8 20. Qf4 Qxe2 21. g5 Nd4
22. Qf6+ Kf8 23. Rfe1 Qxb2 24. Nd3 Qc3 25. Ne5 Kg8 26. Qxf7+ Kh8 27. Qxe7 Ne2+
28. Kh2 Qxe5+ 29. Kh1 Ng3+ 30. Kg1 Rab8 31. Rac1 Nh5 32. Rc7 Ng7 33. Rxb7 Rxb7
34. Qxd8+ Ne8 35. Qxe8+ Kg7 36. Rd1 Qc5+ 37. Kh1 b2 38. Rb1 Qc1+ 39. Rxc1
bxc1=Q+ 40. Kh2 Qxg5 41. Qxe6 Qf4+ 42. Kg1 Rb1+ 43. Kf2 Rb2+ 44. Kg1 Qd2 45.
Qe5+ Kh6 46. Qxb2 Qxb2 47. h4 Qxa3 48. f4 Qe3+ 49. Kh1 Qxf4 0-1

[Event "AUTO-OPEN-2031"]
[Site "http://www.queenalice.com/game.php?id=799677"]
[Date "2010.7.6"]
[Round "1"]
[White "raven225"]
[Black "Nautylus"]
[Result "1-0"]
[WhiteElo "1596"]
[BlackElo "1495"]

1. e4 e5 2. Nf3 f6 3. Nc3 c6 4. Bc4 Ne7 5. O-O d5 6. exd5 cxd5 7. Bb5+ Bd7 8.
Bxd7+ Qxd7 9. Re1 d4 10. Ne2 Nbc6 11. d3 g5 12. c3 Ng6 13. cxd4 h5 14. dxe5
Ncxe5 15. Nc3 O-O-O 16. Nxe5 fxe5 17. Bxg5 Be7 18. Bxe7 Qxe7 19. Ne4 Nf4 20. Re3
Qg7 21. Rg3 Qf7 22. Rf3 Qg7 23. g3 h4 24. Kf1 hxg3 25. Rc1+ Kb8 26. Rxg3 Qh6 27.
h3 Nxh3 28. Rc2 Rhf8 29. Qg4 Rxf2+ 30. Nxf2 Nf4 31. Qg7 Qb6 32. Qxe5+ Qd6 33.
Qxd6+ Rxd6 34. Rg8+ Rd8 35. Rxd8# 1-0

[Event "Challenge"]
[Site "http://www.queenalice.com/game.php?id=814258"]
[Date "2010.8.6"]
[Round "-"]
[White "Nautylus"]
[Black "vinoseco"]
[Result "0-1"]
[WhiteElo "1510"]
[BlackElo "1258"]

1. e4 Nf6 2. f3 e5 3. c3 c5 4. d4 exd4 5. cxd4 cxd4 6. Qxd4 Nc6 7. Qd1 Qc7 8.
Be3 Nb4 9. Bd3 Qd6 10. Nh3 Nxd3+ 11. Kf1 Nh5 12. Nc3 Qa6 13. Kg1 Nxb2 14. Qc2
Nc4 15. Bg5 Na3 16. Qb3 h6 17. Bh4 Nf4 18. Nxf4 g5 19. Nfd5 gxh4 20. Nc7+ Kd8
21. Nxa6 bxa6 22. Qxf7 a5 23. Nd5 Ba6 24. Nf6 Bc5# 0-1

[Event "AUTO-INT-1967"]
[Site "http://www.queenalice.com/game.php?id=906251"]
[Date "2011.2.27"]
[Round "1"]
[White "chicobarretov"]
[Black "Nautylus"]
[Result "1-0"]
[WhiteElo "1611"]
[BlackElo "1488"]

1. e4 e5 2. Nf3 f6 3. Nc3 c6 4. d4 d5 5. dxe5 fxe5 6. Nxe5 Bd6 7. Nf3 Nd7 8.
exd5 Ne5 9. Nxe5 Bxe5 10. Qh5+ g6 11. Qxe5+ Qe7 12. Bf4 Bf5 13. O-O-O Qxe5 14.
Bxe5 Ne7 15. Bxh8 Kd7 16. dxc6+ Kxc6 17. Bb5+ Kb6 18. Be5 a6 19. Bd3 Bxd3 20.
Rxd3 Nc6 21. Bd4+ Kc7 22. Re1 Nxd4 23. Rxd4 Rf8 24. Re7+ Kb8 25. f3 Ka7 26. Rdd7
Kb6 27. Rxb7+ Ka5 28. Re5# 1-0

[Event "AUTO-INT-1967"]
[Site "http://www.queenalice.com/game.php?id=906252"]
[Date "2011.2.27"]
[Round "1"]
[White "Nautylus"]
[Black "chicobarretov"]
[Result "0-1"]
[WhiteElo "1443"]
[BlackElo "1703"]

1. e4 c5 2. c3 Nf6 3. f3 d6 4. d4 b6 5. Be3 g6 6. Bd3 Bg7 7. Nd2 O-O 8. Ne2 Nc6
9. g4 cxd4 10. cxd4 d5 11. h3 dxe4 12. fxe4 a5 13. Rc1 Nb4 14. Rc3 Nxa2 15. Rc2
Nb4 16. Rc3 Nxd3+ 17. Rxd3 Ba6 18. g5 Bxd3 19. Nf4 Bxe4 20. Nxe4 Nxe4 21. Rg1 e5
22. dxe5 Qxd1+ 23. Kxd1 Bxe5 24. Ne2 Rfd8+ 25. Ke1 Bxb2 26. Bxb6 Re8 27. Rf1 Ng3
28. Rf2 Nxe2 29. Rxe2 Rxe2+ 30. Kxe2 a4 31. h4 a3 32. h5 a2 0-1

[Event "AUTO-INT-1967"]
[Site "http://www.queenalice.com/game.php?id=906263"]
[Date "2011.2.27"]
[Round "1"]
[White "Rubenscb"]
[Black "Nautylus"]
[Result "1-0"]
[WhiteElo "1472"]
[BlackElo "1437"]

1. d4 d5 2. f4 c6 3. Nf3 f6 4. Nc3 e5 5. fxe5 fxe5 6. Bg5 Kd7 7. Bxd8 Kxd8 8.
Nxe5 Nf6 9. Nf7+ Ke8 10. Nxh8 Nbd7 11. e4 Nxe4 12. Nxe4 dxe4 13. Qh5+ g6 14.
Qxh7 Bb4+ 15. c3 Bd6 16. Qf7+ Kd8 17. Nxg6 Kc7 18. b4 b5 19. O-O-O Bb7 20. d5
cxd5 21. Bxb5 Rd8 22. g4 a6 23. Ba4 Bc6 24. Bxc6 Kxc6 25. Qxd5+ Kc7 26. Qxd6+
Kc8 27. Ne7+ 1-0

[Event "AUTO-INT-1967"]
[Site "http://www.queenalice.com/game.php?id=906264"]
[Date "2011.2.27"]
[Round "1"]
[White "Nautylus"]
[Black "Rubenscb"]
[Result "0-1"]
[WhiteElo "1459"]
[BlackElo "1456"]

1. e4 e5 2. f3 d5 3. c3 Nf6 4. d4 dxe4 5. fxe4 exd4 6. Qxd4 Qxd4 7. cxd4 Nxe4 8.
Bc4 Be6 9. Bxe6 fxe6 10. Nc3 Nxc3 11. bxc3 Nc6 12. Nf3 O-O-O 13. O-O h6 14. Ne5
Nxe5 15. dxe5 g5 16. Rb1 Bc5+ 17. Kh1 Rhf8 18. h4 Rxf1+ 19. Kh2 Rdd1 20. c4 Rxc1
21. Rb5 Rh1+ 22. Kg3 Rxc4 23. hxg5 Rc3+ 24. Kg4 h5+ 25. Kf4 Rh4+ 26. g4 Rxg4#
0-1

[Event "AUTO-OPEN-2278"]
[Site "http://www.queenalice.com/game.php?id=906283"]
[Date "2011.2.27"]
[Round "1"]
[White "Nautylus"]
[Black "sora07"]
[Result "0-1"]
[WhiteElo "1405"]
[BlackElo "1013"]

1. e4 e5 2. c3 d6 3. d4 exd4 4. Qxd4 Be6 5. Bc4 Bxc4 6. Qxc4 Nc6 7. Nf3 Be7 8.
h4 Nf6 9. Ng5 Kd7 10. Qxf7 h6 11. Nf3 Qe8 0-1

[Event "AUTO-OPEN-2278"]
[Site "http://www.queenalice.com/game.php?id=906284"]
[Date "2011.2.27"]
[Round "1"]
[White "sora07"]
[Black "Nautylus"]
[Result "1-0"]
[WhiteElo "1043"]
[BlackElo "1375"]

1. Nf3 d5 2. d4 f6 3. e3 e5 4. Bd2 Bd6 5. Be2 Ne7 6. O-O Nf5 7. dxe5 Bxe5 8. Nc3
Qd6 9. a3 Nh6 10. b4 Ng4 11. g3 Bxc3 12. Bxc3 1-0

[Event "AUTO-OPEN-2278"]
[Site "http://www.queenalice.com/game.php?id=906285"]
[Date "2011.2.27"]
[Round "1"]
[White "Nautylus"]
[Black "Alffamed"]
[Result "0-1"]
[WhiteElo "1409"]
[BlackElo "1772"]

1. e4 c5 2. c3 d6 3. d4 cxd4 4. cxd4 Nf6 5. f3 a6 6. Bd3 b5 7. Be3 e5 8. Nd2 Be7
9. Ne2 h6 10. h3 O-O 11. Rc1 Bb7 12. Rf1 Nbd7 13. g4 Rc8 14. a3 Rxc1 15. Qxc1
Qc8 16. Qxc8 Rxc8 17. b4 d5 18. Kf2 dxe4 19. fxe4 exd4 20. Bxd4 Bd6 21. Rg1 g5
22. Bxf6 Nxf6 23. Nd4 Rc3 24. Ke3 Bf4+ 25. Ke2 Rxa3 26. e5 Bxd2 27. Kxd2 Ne4+
28. Bxe4 Bxe4 29. Ne2 Rxh3 30. Nd4 Rd3+ 0-1

[Event "AUTO-OPEN-2278"]
[Site "http://www.queenalice.com/game.php?id=906286"]
[Date "2011.2.27"]
[Round "1"]
[White "Alffamed"]
[Black "Nautylus"]
[Result "1-0"]
[WhiteElo "1774"]
[BlackElo "1407"]

1. b3 d5 2. Bb2 e5 3. e3 c6 4. Bxe5 Bd6 5. Bxg7 Ne7 6. Bxh8 Qc7 7. f4 Nd7 8. Nf3
b6 9. Bd3 c5 10. Bb5 Bb7 11. Ne5 Bxe5 12. Bxd7+ Qxd7 13. Bxe5 Qb5 14. Nc3 Qa6
15. d3 d4 16. Ne4 dxe3 17. O-O Rd8 18. Nd6+ Kf8 19. Nxb7 Qxb7 20. Qe2 Nf5 21.
Rad1 Re8 22. g4 Nh4 23. Bd6+ Kg8 24. Be5 Re6 25. g5 a5 26. d4 h6 27. d5 Re7 28.
Qxe3 1-0

[Event "AUTO-OPEN-2278"]
[Site "http://www.queenalice.com/game.php?id=906287"]
[Date "2011.2.27"]
[Round "1"]
[White "Nautylus"]
[Black "Rubenscb"]
[Result "0-1"]
[WhiteElo "1477"]
[BlackElo "1438"]

1. e4 e5 2. f3 d5 3. c3 Nf6 4. d4 dxe4 5. fxe4 Nxe4 6. Qf3 Qh4+ 7. g3 Qg4 8.
Qxg4 Bxg4 9. Bg2 f5 10. Bxe4 fxe4 11. dxe5 Nc6 12. h3 Bf5 13. Ne2 Nxe5 14. Nd4
Nd3+ 15. Kd2 Nxc1 16. Nxf5 Nd3 17. Na3 Nxb2 18. Nc4 Nxc4+ 19. Kc2 O-O-O 20. Rab1
Rd2+ 21. Kb3 Na5+ 22. Ka4 Rxa2+ 23. Kb5 a6# 0-1

[Event "AUTO-OPEN-2278"]
[Site "http://www.queenalice.com/game.php?id=906288"]
[Date "2011.2.27"]
[Round "1"]
[White "Rubenscb"]
[Black "Nautylus"]
[Result "1-0"]
[WhiteElo "1487"]
[BlackElo "1422"]

1. d4 d5 2. f4 c6 3. Nf3 f6 4. Nc3 e5 5. fxe5 fxe5 6. Bg5 Kd7 7. Bxd8 Kxd8 8.
Nxe5 Nf6 9. Nf7+ Ke8 10. Nxh8 Nbd7 11. e3 Bb4 12. Bd3 Bxc3+ 13. bxc3 Nb6 14. c4
Bg4 15. Be2 Bxe2 16. Qxe2 Ke7 17. c5 Nbd7 18. Rb1 Rxh8 19. Rxb7 Re8 20. O-O Ne4
21. c4 h6 22. Qh5 Kd8 23. Qf7 Re7 24. Qg8+ Re8 25. Qxg7 Re7 26. Rf8+ Nxf8 27.
Qxe7+ 1-0